000 00572nam a2200193 a 4500
005 20220927063547.0
008 020423s1995 mx r 000 0 spa d
020 _a0028974077
035 _aUPN01000117046
049 _aC
050 4 _aBF431
_bE6.3
245 0 0 _aEncyclopedia of human intelligence /
_cdir. Robert J. Sternberg.
260 _aNew York :
_bMacmillan,
_cc1995.
300 _a2 v. (1235 p.). :
_bil.
650 4 _aINTELIGENCIA -
_vENCICLOPEDIAS
650 4 _aNIVELES DE INTELIGENCIA
_914797
700 1 _aSternberg, Robert J.
_edir.
_930048
905 _aLibro
999 _c89674
_d89674